All Demon Slayer characters by chronological order - Statistics

General Stats
  • This quiz has been taken 260 times
  • The average score is 51 of 121
Answer Stats
indice Answer % Correct
Demon Slayer Tanjiro Kamado
99%
Demon Nezuko Kamado
95%
Hashira Giyu Tomioka
91%
Demon Muzan Kibutsuji
82%
Demon slayer Zenitsu Agatsuma
81%
Demon slayer Kanao Tsuyuri
80%
Former Hashira Sakonji Urokodaki
77%
Hashira Sanemi Shinazugawa
77%
Kamado family Kie Kamado
76%
Demon slayer Genya Shinazugawa
75%
Demon Akaza
74%
Hashira Gyomei Himejima
74%
Hashira Mitsuri Kanroji
74%
Hashira Shinobu Kocho
74%
Hashira Tengen Uzui
74%
Butterfly mansion Aoi Kanzaki
72%
Demon slayer Inosuke Hashibira
72%
Hashira Obanai Iguro
72%
Demon Daki
70%
Demon Doma
70%
Demon Enmu
70%
Former Hashira Kanae Kocho
70%
Demon Rui
70%
Kamado family Tanjuro Kamado
70%
Ubuyashiki family Kagaya Ubuyashiki
69%
Demon Gyutaro
68%
Demon Kokushibo
67%
Former demon slayer Sabito
67%
Demon Hantengu
66%
Hashira Muichiro Tokito
66%
Hashira Kyojuro Rengoku
65%
Former demon slayer Makomo
65%
Demon Gyokko
64%
Demon Tamayo
62%
Kamado family Hanako Kamado
61%
Former demon slayer Yoriichi
60%
Demon Yushiro
60%
Kamado family Rokuta Kamado
59%
Kunoichi Suma
59%
Swordsmith Hotaru haganezuka
57%
Kunoichi Makio
57%
Demon slayer Murata
57%
Rengoku Family Shinjuro Rengoku
57%
Kamado family Takeo Kamado
57%
Rengoku Family Senjuro Rengoku
56%
Ubuyashiki family Amane Ubuyashiki
55%
Kunoichi Hinatsuru
55%
Tokito family Yuichiro Tokito
54%
Butterfly mansion Sumi Nakahara
53%
Former Hashira Jigoro Kuwajima
52%
Kamado family Shigeru Kamado
52%
Demon Kyogai
50%
Ubuyashiki family Kiriya Ubuyashiki
48%
Butterfly mansion Naho Takada
48%
Demon Susamaru
47%
Demon Kaigaku
44%
Butterfly mansion Kiyo Terauchi
44%
Shinazugawa family Koto Shinazugawa
43%
Demon Nakime
43%
Demon Hand demon
42%
Demon Yahaba
42%
Kakushi Goto
39%
Ubuyashiki family Kanata Ubuyashiki
38%
Rengoku Family Ruka Rengoku
38%
Hashibira family Kotoha
33%
Swordsmith Kozo Kanamori
32%
Demon Mukago
32%
Tomioka family Tsutako Tomioka
32%
Demon Rokuro
31%
Swordsmith Kotetsu
30%
the savior Saburo
30%
Demon Swamp demon
30%
Demon Kamanue
29%
Kamado family Sumiyoshi Kamado
29%
Hakuji's wife Koyuki
28%
Demon Temple demon
28%
Ubuyashiki family Hinaki Ubuyashiki
27%
Kibutsuji's wife Rei
27%
Ubuyashiki family Kuina Ubuyashiki
26%
Ubuyashiki family Nichika Ubuyashiki
26%
Swordsmith Tecchin Tecchikawahara
26%
Demon Wakuraba
26%
Demon Tongue demon
23%
Oiran Koinatsu
22%
Shinazugawa family Shizu Shinazugawa
22%
Shinazugawa family Teiko Shinazugawa
21%
Shinazugawa family Hiroshi Shinazugawa
19%
Old woman Hisa
19%
Shinazugawa family Kyogo Shinazugawa
19%
Shinazugawa family Shuya Shinazugawa
19%
Demon victim Kazumi
18%
Demon victim Satoko
18%
Demon victim Teruko
18%
Demon victim Kiyoshi
17%
Himejima family Sayo
17%
Kamado family Sumire
17%
Kamado family Suyako
17%
Demon Horned demon
16%
Manager of the Kyogoku house Omitsu
16%
Demon victim Shoichi
16%
Former swordsmith Tetsuido
16%
Hakuji's sensei Keizo
15%
udon seller Toyo
15%
Demon slayer Ozaki
14%
Demon victim Tokie
14%
Tsugikuni family Uta
12%
Demon Father spider demon
11%
Demon Mother spider demon
11%
Demon Asakusa demon
9%
Demon Daughter Spider demon
8%
Demon Son spider demon
8%
Shinazugawa family Sumi Shinazugawa
8%
Kakushi Masao Maeda
7%
Demon victim Yatsu
7%
Tsugikuni family Akeno Tsugikuni
6%
Former demon slayer Masachika Kumeno
6%
Demon Serpent demon
6%
Mugen train Train conductor
6%
Mugen train Train engineer
6%
Demon slayer Takeuchi
5%
Hashibira family Takaharu
4%
No matching quizzes found
Score Distribution
Percent of People with Each Score
Percentile by Number Answered
Your Score History
You have not taken this quiz